Normal view MARC view
  • Ranjan C.S. Sharm G. R & Mani VSV

Entry Personal Name

Number of records used in: 1

001 - CONTROL NUMBER

  • control field: 887

003 - CONTROL NUMBER IDENTIFIER

  • control field: OSt

005 - DATE AND TIME OF LATEST TRANSACTION

  • control field: 20160520141240.0

008 - FIXED-LENGTH DATA ELEMENTS

  • fixed length control field: 160520|| aca||aabn | a|a d

040 ## - CATALOGING SOURCE

  • Original cataloging agency: OSt
  • Transcribing agency: OSt

100 ## - HEADING--PERSONAL NAME

  • Personal name: Ranjan C.S. Sharm G. R & Mani VSV

670 ## - SOURCE DATA FOUND

  • Source citation: Work cat.: (OSt): Ranjan C.S. Sharm G. R & Mani VSV, Instrumentation Devices & Systems